Students' guide to income tax : (Record no. 134035)

MARC details
000 -LEADER
fixed length control field 00833nam a22002657a 4500
005 - DATE AND TIME OF LATEST TRANSACTION
control field 20170124110220.0
010 ## - LIBRARY OF CONGRESS CONTROL NUMBER
LC control number B-083123
020 ## - INTERNATIONAL STANDARD BOOK NUMBER
Terms of availability 275.00
035 ## - SYSTEM CONTROL NUMBER
System control number B-083123
037 ## - SOURCE OF ACQUISITION
Source of stock number/acquisition Cen Lib/ Ret
040 ## - CATALOGING SOURCE
Original cataloging agency DPL
Language of cataloging EN
082 ## - DEWEY DECIMAL CLASSIFICATION NUMBER
Classification number 336.24
Item number SIN
100 ## - MAIN ENTRY--PERSONAL NAME
Personal name Singhania, Vinod K.
9 (RLIN) 12242
245 ## - TITLE STATEMENT
Title Students' guide to income tax :
Statement of responsibility, etc by Vinod K. Singhania [and] Monica Singhania
Remainder of title including central sales tax /
250 ## - EDITION STATEMENT
Edition statement 31 rev. ed
260 ## - PUBLICATION, DISTRIBUTION, ETC. (IMPRINT)
Place of publication, distribution, etc New Delhi
Name of publisher, distributor, etc Taxman Publications
Date of publication, distribution, etc 1982
270 ## - ADDRESS
City New Delhi
Address 59/32, new rohtak road
Postal code 110005
300 ## - PHYSICAL DESCRIPTION
Extent xv, 1077p.
Dimensions 23cm(Hb)
490 ## - SERIES STATEMENT
Series statement 490-Taxman series
500 ## - GENERAL NOTE
General note Includes appendix
650 ## - SUBJECT ADDED ENTRY--TOPICAL TERM
Topical term or geographic name as entry element Law
General subdivision Income tax
9 (RLIN) 39595
650 ## - SUBJECT ADDED ENTRY--TOPICAL TERM
Topical term or geographic name as entry element Sales tax
9 (RLIN) 11880
700 ## - ADDED ENTRY--PERSONAL NAME
Personal name Singhania, Monica
9 (RLIN) 16902
942 ## - ADDED ENTRY ELEMENTS (KOHA)
Source of classification or shelving scheme Dewey Decimal Classification
Koha item type English Books
Classification part 336.24
Call number suffix SIN
Holdings
Withdrawn status Lost status Damaged status Not for loan Home library Current library Date acquired Source of acquisition Cost, normal purchase price Total Checkouts Full call number Barcode Date last seen Copy number Cost, replacement price Price effective from Koha item type
        Central Library Central Library 28/07/2015 Cen Lib/Ret 275.00   336.24 SIN B-083123 28/07/2015 1 275.00 28/07/2015 English Books

© Delhi Public Library
Hit Counter
free hit counter